000 00575cam a2200145 4500500
005 20260111090435.0
041 _afre
042 _adc
100 1 0 _aWybrands, Francis
_eauthor
245 0 0 _aLudwig Binswanger, Trois formes manquées de la présence humaine, Traduit de l’allemand par J.-M. Froissart. Le Cercle Herméneutique, Paris, 2002, 228 pages, 23 €
260 _c2003.
500 _a8
786 0 _nÉtudes | 398 | 1 | 2003-01-01 | p. 123y-143y | 0014-1941
856 4 1 _uhttps://shs.cairn.info/revue-etudes-2003-1-page-123y?lang=fr&redirect-ssocas=7080
999 _c1618894
_d1618894